[Event "HUN-chT2 Barcza 2324"]
[Site "Hungary"]
[Date "2024.02.18"]
[Round "4.12"]
[White "Molnar, Marton Adam"]
[Black "Papp, Kinga"]
[Result "1/2-1/2"]
[WhiteElo "1367"]
[BlackElo "1188"]
[PlyCount "48"]
[EventDate "2023.10.08"]
[EventType "team-tourn"]
[EventRounds "9"]
[EventCountry "HUN"]
[SourceTitle "EXT 2025"]
[Source "ChessBase"]
[SourceDate "2024.10.14"]
[SourceVersion "1"]
[SourceVersionDate "2024.10.14"]
[SourceQuality "1"]
[WhiteTeam "Mezokovesd"]
[BlackTeam "Lillafured DVTK II"]
[WhiteTeamCountry "HUN"]
[BlackTeamCountry "HUN"]

1. e4 c5 2. Nf3 d6 3. d4 cxd4 4. Nxd4 Nf6 5. Nc3 g6 6. Be3 Bg7 7. f3 0-0 8. Qd2 Nc6 9. g4 Be6 10. 0-0-0 Qa5 11. Nxe6 fxe6 12. Bc4 Nd8 13. h4 h5 14. Rdg1 Kh7 15. gxh5 Nxh5 16. Qg2 Rf6 17. Bd4 Nf4 18. Qg5 e5 19. Bf2 Bh6 20. Qg4 Nd5+ 21. Kb1 Nxc3+ 22. bxc3 Qxc3 23. Bd3 Qb4+ 24. Ka1 Qc3+ 1/2-1/2

[Event "HUN-chT2 Barcza 2324"]
[Site "Hungary"]
[Date "2023.12.10"]
[Round "3.12"]
[White "Tar, Zsombor Jozsef"]
[Black "Molnar, Marton Adam"]
[Result "1-0"]
[WhiteElo "1794"]
[BlackElo "1367"]
[PlyCount "39"]
[EventDate "2023.10.08"]
[EventType "team-tourn"]
[EventRounds "9"]
[EventCountry "HUN"]
[SourceTitle "EXT 2025"]
[Source "ChessBase"]
[SourceDate "2024.10.14"]
[SourceVersion "1"]
[SourceVersionDate "2024.10.14"]
[SourceQuality "1"]
[WhiteTeam "Hajduboszormeny"]
[BlackTeam "Mezokovesd"]
[WhiteTeamCountry "HUN"]
[BlackTeamCountry "HUN"]

1. d4 Nf6 2. c4 e6 3. Nc3 d5 4. Nf3 c6 5. e3 Bd6 6. Bd3 0-0 7. e4 dxe4 8. Nxe4 Nxe4 9. Bxe4 Nd7 10. 0-0 h6 11. Re1 Re8 12. Bc2 Qc7 13. Qd3 Nf6 14. Ne5 c5 15. Qg3 Kh8 16. Nxf7+ Qxf7 17. Qxd6 Rf8 18. Bg6 Qg8 19. Re3 Bd7 20. Rg3 1-0

[Event "HUN-chT2 Barcza 2122"]
[Site "Hungary"]
[Date "2022.02.27"]
[Round "7.12"]
[White "Barna, Peter"]
[Black "Molnar, Marton Adam"]
[Result "1/2-1/2"]
[WhiteElo "1415"]
[BlackElo "1333"]
[PlyCount "93"]
[EventDate "2021.10.10"]
[EventType "team-tourn"]
[EventRounds "9"]
[EventCountry "HUN"]
[SourceTitle "EXT 2025"]
[Source "ChessBase"]
[SourceDate "2024.10.14"]
[SourceVersion "1"]
[SourceVersionDate "2024.10.14"]
[SourceQuality "1"]
[WhiteTeam "Debrecen Sakkbaratok"]
[BlackTeam "Mezokovesd"]
[WhiteTeamCountry "HUN"]
[BlackTeamCountry "HUN"]

1. e4 c5 2. Nc3 Nc6 3. f4 e6 4. Nf3 d5 5. Bb5 a6 6. Bxc6+ bxc6 7. d3 Ne7 8. 0-0 g6 9. h3 Bg7 10. Qe1 0-0 11. g4 f5 12. Qh4 Re8 13. Kf2 fxe4 14. dxe4 dxe4 15. Nxe4 Qd5 16. Nf6+ Bxf6 17. Qxf6 Qd6 18. f5 Rf8 19. Qc3 Nd5 20. Qe5 Qxe5 21. Nxe5 exf5 22. Kg3 Re8 23. Nxc6 Bd7 24. Na5 Ne3 25. Bxe3 Rxe3+ 26. Rf3 Rae8 27. Nc4 f4+ 28. Kf2 Re2+ 29. Kg1 Rxc2 30. b3 g5 31. Rd1 Bc6 32. Rfd3 Rce2 33. Rd8 Rxd8 34. Rxd8+ Kg7 35. Rc8 Bb5 36. Rxc5 Kf6 37. Rf5+ Ke6 38. Rxg5 Bxc4 39. bxc4 Rxa2 40. Rf5 Ra3 41. Kg2 f3+ 42. Rxf3 Rxf3 43. Kxf3 Ke5 44. Ke3 a5 45. Kd3 a4 46. Kc3 a3 47. Kb3 1/2-1/2